[Event "XIX Memorial Edoardo Crespi A"]
[Site "Milano ITA"]
[Date "1998.12.??"]
[Round "5"]
[White "Quagliarella, Sabino Remo"]
[Black "Papale, Carmelo"]
[Result "1-0"]
[WhiteElo "1883"]
[BlackElo "1917"]
[PlyCount "65"]
[EventDate "1998.12.05"]

1. d4 Nf6 2. c4 c5 3. d5 b5 4. cxb5 a6 5. bxa6 Bxa6 6. Nc3 d6 7. Nf3 g6 8. g3
Bg7 9. Bg2 O-O 10. O-O Nbd7 11. Qc2 Qc7 12. Rd1 Rfb8 13. h3 Qa7 14. Rb1 Ne8 15.
e4 Nc7 16. Kh2 Nb5 17. Nxb5 Bxb5 18. a3 c4 19. Be3 Qa6 20. Qd2 Ba4 21. Re1 Rb3
22. Bf1 Rab8 23. Nd4 R3b7 24. b4 Ne5 25. f4 Nd3 26. Bxd3 cxd3 27. Rbc1 Bxd4 28.
Bxd4 Bc2 29. Bb2 Rc7 30. e5 Rbc8 31. exd6 exd6 32. f5 Bb3 33. Rxc7 1-0

[Event "XIX Memorial Edoardo Crespi A"]
[Site "Milano ITA"]
[Date "1998.12.??"]
[Round "6"]
[White "Bevilacqua, Maurizio"]
[Black "Cazzaniga, Walter"]
[Result "1-0"]
[WhiteElo "2140"]
[BlackElo "2165"]
[PlyCount "65"]
[EventDate "1998.12.05"]

1. d4 Nf6 2. c4 g6 3. Nc3 Bg7 4. e4 d6 5. Be2 O-O 6. Bg5 h6 7. Bh4 c5 8. d5 e6
9. Nf3 exd5 10. cxd5 Nbd7 11. O-O Qe7 12. Nd2 g5 13. Bg3 Ne8 14. Re1 a6 15. a4
b6 16. Nf1 Bd4 17. Bg4 Ne5 18. Bxc8 Rxc8 19. Ne2 Bxb2 20. Ra2 Bd4 21. Nxd4 cxd4
22. Qxd4 b5 23. axb5 axb5 24. Ne3 Ng7 25. Bxe5 dxe5 26. Qb6 Rb8 27. Qxh6 Rfd8
28. Ra6 b4 29. Ng4 Ne8 30. Nf6+ Nxf6 31. Rxf6 b3 32. Qxg5+ Kf8 33. d6 1-0

[Event "XIX Memorial Edoardo Crespi A"]
[Site "Milano ITA"]
[Date "1998.12.??"]
[Round "6"]
[White "Dalimeg, Alfredo"]
[Black "Nieus, Thierry"]
[Result "1-0"]
[WhiteElo "2068"]
[BlackElo "1881"]
[PlyCount "37"]
[EventDate "1998.12.05"]

1. e4 d6 2. d4 Nf6 3. Nc3 g6 4. Bg5 c6 5. Qd2 b5 6. a3 Nbd7 7. f4 Nb6 8. Bxf6
exf6 9. d5 Bg7 10. dxc6 Nc4 11. Bxc4 bxc4 12. O-O-O O-O 13. Qxd6 Qa5 14. Rd5
Qb6 15. Qc5 Qc7 16. Nge2 Be6 17. g3 Rfc8 18. Nd4 Bf8 19. Qxc4 1-0

[Event "XIX Memorial Edoardo Crespi A"]
[Site "Milano ITA"]
[Date "1998.12.??"]
[Round "6"]
[White "Dorighet, Claudio"]
[Black "Qendro, Llambi"]
[Result "1/2-1/2"]
[WhiteElo "2085"]
[BlackElo "2375"]
[PlyCount "26"]
[EventDate "1998.12.05"]

1. c4 g6 2. Nc3 Bg7 3. g3 e5 4. Bg2 d6 5. e4 Nc6 6. d3 Nge7 7. Nge2 O-O 8. O-O
Bg4 9. h3 Be6 10. Be3 Qd7 11. Kh2 f5 12. Qd2 Rae8 13. f4 Kh8 1/2-1/2

[Event "XIX Memorial Edoardo Crespi A"]
[Site "Milano ITA"]
[Date "1998.12.??"]
[Round "6"]
[White "Facchetti, Gianni"]
[Black "Marcoli, Paolo"]
[Result "0-1"]
[WhiteElo "2120"]
[BlackElo "2130"]
[PlyCount "112"]
[EventDate "1998.12.05"]

1. e4 g6 2. d3 Bg7 3. Nf3 c6 4. Nbd2 d5 5. Be2 e5 6. h4 h5 7. c4 d4 8. b4 a5 9.
bxa5 Qxa5 10. O-O Nh6 11. Nb3 Qd8 12. Bg5 Qc7 13. Nh2 Ng8 14. a4 Nd7 15. c5 Bf8
16. Qc2 Ngf6 17. Rfc1 Nh7 18. Bd2 Be7 19. g3 Nhf8 20. Bf1 Ne6 21. Bb4 g5 22.
hxg5 Nxg5 23. Qe2 Nf6 24. Nd2 Be6 25. Nc4 Bxc4 26. Rxc4 h4 27. g4 Ne6 28. f3
Nd7 29. Qc2 Bg5 30. Be2 Qd8 31. Bd1 Qf6 32. Be1 Be3+ 33. Kh1 Qe7 34. Bb4 Ng5
35. Ra2 Bf4 36. Rb2 Ra7 37. Qe2 Kf8 38. Bb3 Kg7 39. Rcc2 Qf6 40. Nf1 Bg3 41.
Nd2 Nf8 42. Rc1 Ng6 43. Rg1 Nh3 44. Rg2 Ngf4 45. Qf1 Nxg2 46. Qxg2 Nf2+ 47. Kg1
Nxd3 48. Ba3 Nxb2 49. Bxb2 Qe7 50. Nc4 Qg5 51. Qe2 h3 52. Bc1 Bf4 53. Nd6 Bxc1
54. Nf5+ Kf8 55. Qc4 Rh7 56. Kh1 Qd2 0-1

[Event "XIX Memorial Edoardo Crespi A"]
[Site "Milano ITA"]
[Date "1998.12.??"]
[Round "6"]
[White "Griffa, Roberto"]
[Black "Tramalloni, Luca"]
[Result "1/2-1/2"]
[WhiteElo "2070"]
[BlackElo "1909"]
[PlyCount "97"]
[EventDate "1998.12.05"]

1. d4 Nf6 2. Nf3 c5 3. d5 e6 4. Nc3 Nxd5 5. Nxd5 exd5 6. Qxd5 Be7 7. Bg5 Bxg5
8. Nxg5 Qa5+ 9. c3 O-O 10. Qe4 g6 11. Qh4 h5 12. e3 d5 13. Be2 Qb6 14. O-O-O f6
15. Rxd5 fxg5 16. Rxg5 Rf5 17. Qxh5 Rxg5 18. Qxg5 Nd7 19. Bc4+ Kf8 20. Qh6+ Ke7
21. Qg7+ Kd8 22. Rd1 Kc7 23. Qe7 Qc6 24. e4 Kb8 25. Rd6 Qc7 26. Rxg6 Qf4+ 27.
Kd1 Qxh2 28. Rg3 Qh5+ 29. Be2 Qe5 30. Qxe5+ Nxe5 31. f4 Nc6 32. Rg8 Kc7 33. Kd2
Rb8 34. Ke3 Be6 35. Rxb8 Nxb8 36. b3 Nc6 37. g4 Kd6 38. g5 Bf7 39. Bf3 Be8 40.
Bg4 Bf7 41. Be2 a6 42. Bc4 Bxc4 43. bxc4 Ke6 44. f5+ Ke5 45. Kf3 Ne7 46. Ke3
Nc6 47. Kf3 Ne7 48. Ke3 Nc6 49. Kf3 1/2-1/2

[Event "XIX Memorial Edoardo Crespi A"]
[Site "Milano ITA"]
[Date "1998.12.??"]
[Round "6"]
[White "Papale, Carmelo"]
[Black "Candura, Stefano"]
[Result "1-0"]
[WhiteElo "1917"]
[BlackElo "1900"]
[PlyCount "55"]
[EventDate "1998.12.05"]

1. Nf3 d5 2. g3 c5 3. Bg2 Nc6 4. d3 e5 5. O-O Nf6 6. e4 d4 7. Nbd2 Be7 8. h3
Qc7 9. Nh4 Nd7 10. Nf5 Bf6 11. Nc4 O-O 12. Ncd6 Ne7 13. Qg4 Nxf5 14. Nxf5 Kh8
15. Bg5 Qd8 16. f4 Bxg5 17. fxg5 Nb6 18. Qh4 Be6 19. Rf2 c4 20. b3 cxd3 21.
cxd3 Rc8 22. Raf1 Rc3 23. Nxg7 Kxg7 24. Rf6 Nd7 25. Rh6 Rh8 26. Rxe6 fxe6 27.
Qh6+ Kg8 28. Qxe6+ 1-0

[Event "XIX Memorial Edoardo Crespi A"]
[Site "Milano ITA"]
[Date "1998.12.??"]
[Round "6"]
[White "Quagliarella, Sabino Remo"]
[Black "Giretti Kanev, Jasen"]
[Result "0-1"]
[WhiteElo "1883"]
[BlackElo "2150"]
[PlyCount "87"]
[EventDate "1998.12.05"]

1. d4 Nf6 2. c4 e6 3. Nf3 b6 4. g3 Ba6 5. Qc2 Bb4+ 6. Nbd2 O-O 7. Bg2 d5 8. O-O
c6 9. Rd1 Qe7 10. a3 Bd6 11. b4 c5 12. bxc5 bxc5 13. Bb2 Nbd7 14. Ne5 Rfc8 15.
Qa4 Bb7 16. Rac1 cxd4 17. Nxd7 Nxd7 18. Bxd4 Bxa3 19. Rb1 Bc6 20. Qa6 Bc5 21.
cxd5 Bxd5 22. Bxd5 exd5 23. Nf3 Qe6 24. Qd3 Nb6 25. Rbc1 Bxd4 26. Nxd4 Qe4 27.
Nc6 Qxd3 28. Rxd3 Kf8 29. Rdc3 a5 30. Rb1 Nc4 31. Nd4 a4 32. Rb7 a3 33. Rf3 Nd6
34. Rd7 a2 35. Nb3 Rab8 36. Na1 Rb1+ 37. Kg2 Rxa1 38. Rxd6 Rd1 39. Rd7 f6 40.
Rb3 a1=Q 41. Rbb7 Rg1+ 42. Kh3 Qf1+ 43. Kg4 Qxe2+ 44. Kh4 0-1

[Event "XIX Memorial Edoardo Crespi A"]
[Site "Milano ITA"]
[Date "1998.12.??"]
[Round "7"]
[White "Cazzaniga, Walter"]
[Black "Quagliarella, Sabino Remo"]
[Result "1-0"]
[WhiteElo "2165"]
[BlackElo "1883"]
[PlyCount "85"]
[EventDate "1998.12.05"]

1. d4 d6 2. Nf3 Nf6 3. c4 g6 4. Nc3 Bg7 5. e4 O-O 6. Be2 Nbd7 7. Bg5 c6 8. O-O
h6 9. Bh4 Qa5 10. a3 e5 11. b4 Qc7 12. d5 Re8 13. Rc1 Nh5 14. Ne1 Nf4 15. f3 f5
16. c5 Nxe2+ 17. Nxe2 dxc5 18. d6 Qb6 19. bxc5 Qb2 20. Nd3 Qa2 21. Be1 a5 22.
Nc3 Qxa3 23. Ra1 Qxa1 24. Qxa1 b5 25. cxb6 Ba6 26. Qa2+ Kf8 27. Qc2 Nxb6 28.
Bf2 Nc4 29. Bc5 Red8 30. f4 Kg8 31. fxe5 Nxe5 32. Nxe5 Bxe5 33. Rd1 Rab8 34.
exf5 gxf5 35. Qa2+ Kg7 36. Bd4 Bxd4+ 37. Rxd4 Bb5 38. Qa1 Kg6 39. d7 Rb7 40.
Rd6+ Kh7 41. Qc1 Rdxd7 42. Qxh6+ Kg8 43. Rg6+ 1-0

[Event "XIX Memorial Edoardo Crespi A"]
[Site "Milano ITA"]
[Date "1998.12.??"]
[Round "7"]
[White "Facchetti, Gianni"]
[Black "Bevilacqua, Maurizio"]
[Result "1-0"]
[WhiteElo "2120"]
[BlackElo "2140"]
[PlyCount "77"]
[EventDate "1998.12.05"]

1. e4 c5 2. Nf3 d6 3. d4 cxd4 4. Qxd4 a6 5. Bg5 Nc6 6. Qd2 h6 7. Bh4 Qb6 8. c3
Nf6 9. Bd3 Bd7 10. Na3 Qc7 11. Nc2 Rc8 12. Ne3 e6 13. O-O Be7 14. Nc2 Na5 15.
Qe2 Nc4 16. Ncd4 Ne5 17. Nxe5 dxe5 18. Nb3 O-O 19. Bg3 Rfd8 20. Rfd1 Be8 21.
Rac1 Nd7 22. f3 f6 23. Bf2 Nb6 24. c4 Ba4 25. c5 Nd7 26. Bc4 Kf7 27. Bxe6+ Kf8
28. Be3 Qc6 29. Bd5 Qc7 30. Be6 Qc6 31. Bf5 Bb5 32. Qe1 Kg8 33. Qg3 g5 34. Qg4
Kg7 35. h4 Nf8 36. hxg5 hxg5 37. Bxc8 Rxc8 38. Rd2 Ne6 39. Na5 1-0

[Event "XIX Memorial Edoardo Crespi A"]
[Site "Milano ITA"]
[Date "1998.12.??"]
[Round "7"]
[White "Giretti Kanev, Jasen"]
[Black "Griffa, Roberto"]
[Result "1-0"]
[WhiteElo "2150"]
[BlackElo "2070"]
[PlyCount "49"]
[EventDate "1998.12.05"]

1. Nf3 d5 2. g3 Nc6 3. d4 Bg4 4. Bg2 Qd7 5. Ne5 Nxe5 6. dxe5 O-O-O 7. Qd4 Kb8
8. Nc3 Be6 9. O-O Bh3 10. Be3 b6 11. Bxh3 Qxh3 12. Nxd5 Qc8 13. Qc4 e6 14. Nb4
Bxb4 15. Qxb4 c5 16. Qg4 g6 17. Bg5 Re8 18. Qf3 h6 19. Be3 Rh7 20. a4 Ne7 21.
a5 b5 22. c4 b4 23. a6 Nf5 24. Bxc5 f6 25. Ra5 1-0

[Event "XIX Memorial Edoardo Crespi A"]
[Site "Milano ITA"]
[Date "1998.12.??"]
[Round "7"]
[White "Marcoli, Paolo"]
[Black "Dorighet, Claudio"]
[Result "1/2-1/2"]
[WhiteElo "2130"]
[BlackElo "2085"]
[PlyCount "143"]
[EventDate "1998.12.05"]

1. e4 c5 2. d3 Nc6 3. g3 e6 4. Bg2 g6 5. f4 Bg7 6. Nf3 Nge7 7. O-O O-O 8. c3 d5
9. Qe2 b5 10. Qf2 c4 11. dxc4 bxc4 12. Rd1 Qa5 13. e5 f6 14. exf6 Bxf6 15. Qe2
Re8 16. Na3 Qc7 17. Nb5 Qb6+ 18. Nbd4 Nf5 19. Qf2 Nfxd4 20. Nxd4 Nxd4 21. cxd4
Rb8 22. Rb1 Qa5 23. Bd2 Qxa2 24. Bc3 Qa4 25. Ra1 Qd7 26. Ra2 a6 27. Re1 Rf8 28.
Qe3 Kg7 29. Raa1 Qd6 30. Re2 Bd7 31. Qd2 Rfe8 32. Rae1 Kg8 33. Bh3 Kg7 34. Ra1
Kg8 35. Rae1 Bg7 36. Re3 Bh8 37. Qe2 Kf7 38. Kh1 Bf6 39. Qf3 Kg8 40. R3e2 Bg7
41. Bg2 Rb3 42. Qe3 a5 43. Ra1 a4 44. Qc1 Qb6 45. Rd2 Bf8 46. Bf3 Bb4 47. Bd1
Bxc3 48. bxc3 Rb8 49. Bxb3 cxb3 50. Qb2 Qb5 51. Rdd1 Qc4 52. Kg1 Rc8 53. Rac1
Rb8 54. Ra1 Be8 55. Re1 Bd7 56. Re3 Ra8 57. Qa3 Rf8 58. Rae1 g5 59. fxg5 e5 60.
g6 hxg6 61. Qd6 Qc6 62. Qxe5 a3 63. Qg5 b2 64. Re7 Rf7 65. Rxf7 Kxf7 66. Qe7+
Kg8 67. Qxa3 Qe6 68. Rf1 Qe3+ 69. Kh1 Qe4+ 70. Kg1 Qe3+ 71. Kh1 Qe4+ 72. Kg1
1/2-1/2

[Event "XIX Memorial Edoardo Crespi A"]
[Site "Milano ITA"]
[Date "1998.12.??"]
[Round "7"]
[White "Nieus, Thierry"]
[Black "Candura, Stefano"]
[Result "1-0"]
[WhiteElo "1881"]
[BlackElo "1900"]
[PlyCount "121"]
[EventDate "1998.12.05"]

1. e4 e6 2. d4 d5 3. Nd2 Nf6 4. e5 Nfd7 5. f4 c5 6. c3 Nc6 7. Ndf3 Qb6 8. Ne2
f6 9. a3 c4 10. g3 Be7 11. Bh3 f5 12. g4 g6 13. gxf5 gxf5 14. Rg1 Nf8 15. Ng3
Bd7 16. Qe2 O-O-O 17. Be3 Ng6 18. Kf2 Rhg8 19. Rg2 Rdf8 20. Rag1 Qd8 21. Nh5
Qe8 22. Ke1 Nh4 23. Rxg8 Rxg8 24. Rxg8 Qxg8 25. Nf6 Nxf3+ 26. Qxf3 Bxf6 27.
exf6 Qg6 28. Qg3 Qxg3+ 29. hxg3 Kd8 30. g4 fxg4 31. Bxg4 Ke8 32. Bh5+ Kf8 33.
f5 Nd8 34. fxe6 Bxe6 35. Bh6+ Kg8 36. Kf2 Nf7 37. Bf4 Kf8 38. Kf3 Ke8 39. Bb8
a6 40. Bg3 Kd7 41. Be5 Kc6 42. Kg3 Kd7 43. Kh4 Ke8 44. Bd6 Bf5 45. Bc5 Bg6 46.
Bf3 Be4 47. Bg4 Nd8 48. Bb6 Nc6 49. Be6 Nd8 50. Bc8 Bc2 51. Bxd8 Kxd8 52. Bxb7
Be4 53. Bxa6 Ke8 54. Bb7 Kf7 55. Kg5 h6+ 56. Kxh6 Kxf6 57. a4 Ke6 58. a5 Kd6
59. a6 Kc7 60. Kg7 Kb6 61. Kf6 1-0

[Event "XIX Memorial Edoardo Crespi A"]
[Site "Milano ITA"]
[Date "1998.12.??"]
[Round "7"]
[White "Qendro, Llambi"]
[Black "Dalimeg, Alfredo"]
[Result "1/2-1/2"]
[WhiteElo "2375"]
[BlackElo "2068"]
[PlyCount "73"]
[EventDate "1998.12.05"]

1. d4 d5 2. c4 e6 3. cxd5 exd5 4. Nc3 Nf6 5. Bg5 Nbd7 6. e3 c6 7. Bd3 Be7 8.
Nge2 h6 9. Bf4 O-O 10. Qc2 Re8 11. O-O Nf8 12. Rab1 Bd6 13. b4 Ne6 14. Bg3 Bxg3
15. Nxg3 b6 16. Na4 Bd7 17. Rfc1 Rc8 18. Nf5 Rc7 19. Qb3 Bc8 20. Qa3 g6 21. Ng3
Qd6 22. Qb2 h5 23. b5 h4 24. Nf1 cxb5 25. Bxb5 Bd7 26. Rxc7 Nxc7 27. Bxd7 Qxd7
28. Nc3 Rb8 29. Nb5 Nxb5 30. Qxb5 Qg4 31. h3 Qf5 32. Rc1 Rc8 33. Rxc8+ Qxc8 34.
Qb2 Qc4 35. f3 b5 36. Kf2 a6 37. Nd2 1/2-1/2

[Event "XIX Memorial Edoardo Crespi A"]
[Site "Milano ITA"]
[Date "1998.12.??"]
[Round "7"]
[White "Tramalloni, Luca"]
[Black "Papale, Carmelo"]
[Result "0-1"]
[WhiteElo "1909"]
[BlackElo "1917"]
[PlyCount "75"]
[EventDate "1998.12.05"]

1. d4 Nf6 2. c4 c5 3. d5 b5 4. a4 bxc4 5. Nc3 d6 6. e4 g6 7. Nf3 Bg7 8. Bxc4
O-O 9. O-O a6 10. Bg5 h6 11. Bf4 Nbd7 12. h3 Rb8 13. Rb1 Rb4 14. Qe2 Qb6 15. b3
Qb8 16. Rbc1 Nb6 17. Na2 Nxc4 18. Nxb4 Qxb4 19. Qxc4 Nxe4 20. Rfe1 f5 21. h4
Qb7 22. g3 Nf6 23. Rcd1 Re8 24. Nh2 Nh5 25. Bd2 Bd4 26. Bc3 e5 27. dxe6 Bxc3
28. Qxc3 Bxe6 29. Rxd6 Qf7 30. Nf3 Ng7 31. Ne5 Qc7 32. Rxa6 Qb7 33. Rd6 Bxb3
34. Rxg6 Bd5 35. Rxh6 Ne6 36. Nc4 Nd4 37. Rxe8+ Kg7 38. Qe3 0-1

[Event "III Memorial Roberto Magari A"]
[Site "Siena ITA"]
[Date "1998.12.??"]
[Round "1"]
[White "Bettalli, Marco"]
[Black "Lotti, Fabio"]
[Result "1/2-1/2"]
[WhiteElo "2040"]
[BlackElo "1765"]
[PlyCount "115"]
[EventDate "1998.12.05"]

1. Nf3 d5 2. g3 c6 3. Bg2 Nf6 4. O-O Bg4 5. h3 Bh5 6. d3 Nbd7 7. Bf4 Bxf3 8.
exf3 e6 9. Re1 Bb4 10. c3 Ba5 11. Bd6 Bc7 12. Ba3 Nb6 13. f4 g6 14. Qf3 Bd6 15.
f5 e5 16. Bxd6 Qxd6 17. Qf4 O-O 18. Rxe5 Rae8 19. Rxe8 Nxe8 20. Qxd6 Nxd6 21.
fxg6 hxg6 22. a4 a5 23. Nd2 Re8 24. Kf1 Nd7 25. d4 Kf8 26. Re1 Ra8 27. b3 Nf5
28. h4 Nd6 29. c4 Nf6 30. cxd5 cxd5 31. Re5 Rc8 32. Bxd5 Rc2 33. Ke2 Ng4 34.
Kd3 Rc1 35. Re2 b5 36. Bf3 b4 37. Ne4 Nxe4 38. Kxe4 Nh2 39. Bg2 Rc3 40. Rb2 Ng4
41. d5 Ke7 42. Bh3 Nf6+ 43. Ke5 Rd3 44. Bg2 Nd7+ 45. Kf4 Nc5 46. Re2+ Kf6 47.
g4 Rd4+ 48. Kg3 Nxb3 49. g5+ Kg7 50. Re8 Nc5 51. Ra8 Nxa4 52. Rxa5 Nc3 53. Rc5
Nd1 54. Rb5 Rd3+ 55. Bf3 b3 56. Kg2 Rd2 57. Rxb3 Nxf2 58. Kg3 1/2-1/2

[Event "III Memorial Roberto Magari A"]
[Site "Siena ITA"]
[Date "1998.12.??"]
[Round "1"]
[White "Brunetti, Alessandro"]
[Black "Spano' Cuomo, Gaetano"]
[Result "1-0"]
[WhiteElo "1827"]
[BlackElo "1776"]
[PlyCount "75"]
[EventDate "1998.12.05"]

1. d4 Nf6 2. c4 e6 3. Nf3 c5 4. Nc3 cxd4 5. Nxd4 a6 6. Bg5 Be7 7. e3 O-O 8. Be2
Nc6 9. O-O Nxd4 10. Qxd4 d6 11. Rfd1 Bd7 12. Rac1 Bc6 13. Bf3 Bxf3 14. gxf3 Qa5
15. Bxf6 Bxf6 16. Qd2 Qh5 17. Qe2 b5 18. Ne4 Be5 19. Ng3 Bxg3 20. fxg3 Rac8 21.
Rxd6 bxc4 22. Rxa6 Rfd8 23. Ra4 Qf5 24. e4 Qb5 25. Raxc4 h5 26. b3 g5 27. Kf1
Rxc4 28. Qxc4 Qb6 29. Qe2 Qa5 30. Rc2 Rd6 31. Kg2 Qd8 32. b4 Kh7 33. b5 Rd1 34.
b6 g4 35. fxg4 Qd4 36. gxh5 Rg1+ 37. Kh3 Qxb6 38. Qf2 1-0

[Event "III Memorial Roberto Magari A"]
[Site "Siena ITA"]
[Date "1998.12.??"]
[Round "1"]
[White "Codacci, Jose'"]
[Black "Bertino, Paolo"]
[Result "0-1"]
[WhiteElo "1837"]
[BlackElo "1756"]
[PlyCount "72"]
[EventDate "1998.12.05"]

1. e4 d5 2. exd5 Qxd5 3. Nc3 Qa5 4. d4 Nf6 5. Bd3 c6 6. Nf3 Bf5 7. b4 Qxb4 8.
Bxf5 Qxc3+ 9. Bd2 Qc4 10. Rb1 b5 11. Ne5 Qxd4 12. Qe2 g6 13. Bc8 Qb6 14. O-O
Qc7 15. Bh3 Bg7 16. g3 O-O 17. Rfd1 Nd5 18. f4 e6 19. a4 a6 20. Ra1 Nd7 21. Re1
Nxe5 22. fxe5 Qb6+ 23. Kh1 Qc5 24. Qe4 Rab8 25. axb5 axb5 26. Bf1 Ra8 27. Rxa8
Rxa8 28. Bd3 Nc3 29. Qf4 Nd5 30. Qf3 Qd4 31. h4 Ra1 32. Bc1 Bxe5 33. Kg2 Qc3
34. Rf1 f6 35. Bh6 Rxf1 36. Qxf1 Qd4 0-1

[Event "III Memorial Roberto Magari A"]
[Site "Siena ITA"]
[Date "1998.12.??"]
[Round "1"]
[White "Frigieri, Fabrizio"]
[Black "Giorgetti, Alberto"]
[Result "0-1"]
[WhiteElo "1708"]
[BlackElo "1867"]
[PlyCount "86"]
[EventDate "1998.12.05"]

1. e4 d6 2. d4 Nf6 3. Nc3 g6 4. f3 Nbd7 5. Be3 c6 6. Qd2 Qa5 7. h4 b5 8. Bd3 b4
9. Nce2 c5 10. c3 Rb8 11. c4 Bg7 12. b3 Qb6 13. Rc1 a5 14. d5 Ne5 15. Bc2 Ra8
16. Bh6 Bxh6 17. Qxh6 Bd7 18. Rd1 a4 19. h5 Rg8 20. Nf4 axb3 21. Bxb3 Kd8 22.
hxg6 hxg6 23. Nd3 Nxd3+ 24. Rxd3 Kc7 25. Qd2 Rh8 26. Rxh8 Rxh8 27. g4 Bc8 28.
Kf1 Nd7 29. Qg5 Kd8 30. Qf4 Ne5 31. Rd2 Ba6 32. Rc2 Qc7 33. Kg2 Qd7 34. Nh3 f6
35. Nf2 g5 36. Qe3 Qe8 37. Qe2 Rh7 38. Rc1 Ng6 39. Qe3 Nf4+ 40. Kf1 Qh8 41. Qd2
Rh2 42. a3 Qh4 43. Rc2 Qg3 0-1

[Event "III Memorial Roberto Magari A"]
[Site "Siena ITA"]
[Date "1998.12.??"]
[Round "1"]
[White "Garofalo, Sergio"]
[Black "Foglia, Maurizio"]
[Result "0-1"]
[WhiteElo "1735"]
[BlackElo "2080"]
[PlyCount "56"]
[EventDate "1998.12.05"]

1. d4 Nf6 2. Nf3 c5 3. e3 g6 4. b3 Bg7 5. Bb2 O-O 6. Bd3 Nc6 7. a3 cxd4 8. exd4
d5 9. O-O Qb6 10. c3 Bg4 11. Nbd2 e5 12. dxe5 Nxe5 13. Bc2 Rfe8 14. h3 Bxf3 15.
Nxf3 Nxf3+ 16. Qxf3 Ne4 17. Rfd1 Qc6 18. Bxe4 dxe4 19. Qe2 Qb6 20. Qc2 e3 21.
Rf1 Rad8 22. fxe3 Rxe3 23. Qf2 Rd2 24. Qxf7+ Kh8 25. Kh1 Qc6 26. Rf3 Rxf3 27.
gxf3 Qd6 28. f4 Qc6+ 0-1

[Event "III Memorial Roberto Magari A"]
[Site "Siena ITA"]
[Date "1998.12.??"]
[Round "1"]
[White "Gorelli Fagiolini, Marco"]
[Black "Mogranzini, Roberto"]
[Result "1-0"]
[WhiteElo "2235"]
[BlackElo "1834"]
[PlyCount "71"]
[EventDate "1998.12.05"]

1. e4 c5 2. Nf3 d6 3. d4 cxd4 4. Nxd4 Nf6 5. Nc3 a6 6. a4 e6 7. Be2 Be7 8. O-O
Qc7 9. Kh1 O-O 10. f4 Nc6 11. Be3 Bd7 12. Nb3 Na5 13. Nxa5 Qxa5 14. Qd2 Qc7 15.
a5 Bc6 16. Bf3 Rac8 17. Rfd1 Nd7 18. g4 Nc5 19. Qg2 b5 20. b4 Nd7 21. Ne2 Ba8
22. c3 Rfe8 23. Rac1 Bf8 24. g5 g6 25. Ng3 Qc4 26. Rd4 Qc7 27. Rd3 Bc6 28. Rcd1
Qb7 29. Bg1 Qa8 30. h4 Be7 31. h5 Kg7 32. R1d2 Bb7 33. Qh3 Rh8 34. Bd4+ e5 35.
Qxd7 exd4 36. Qxe7 1-0

[Event "III Memorial Roberto Magari A"]
[Site "Siena ITA"]
[Date "1998.12.??"]
[Round "1"]
[White "Pelagatti, Alessandro"]
[Black "Bertagnolli, Alexander"]
[Result "0-1"]
[WhiteElo "1795"]
[BlackElo "1798"]
[PlyCount "58"]
[EventDate "1998.12.05"]

1. d4 g6 2. Nf3 Bg7 3. Bf4 f5 4. e3 b6 5. a4 a5 6. c3 Nf6 7. Na3 h6 8. Qb3 e6
9. Be2 Nc6 10. h3 g5 11. Bh2 O-O 12. Ne5 Nxe5 13. dxe5 Ne4 14. Rd1 Bb7 15. O-O
f4 16. exf4 gxf4 17. Bg4 Qg5 18. Qc2 f3 19. Rfe1 Nc5 20. Bg3 h5 21. b4 axb4 22.
cxb4 Rxa4 23. bxc5 Rxa3 24. Rxd7 hxg4 25. Rxc7 Bd5 26. cxb6 fxg2 27. Qc5 Rxg3
28. fxg3 gxh3 29. Kh2 Rf1 0-1

[Event "III Memorial Roberto Magari A"]
[Site "Siena ITA"]
[Date "1998.12.??"]
[Round "1"]
[White "Wild, Alexander"]
[Black "Malescusi, Luciano"]
[Result "1/2-1/2"]
[WhiteElo "1732"]
[BlackElo "1729"]
[PlyCount "67"]
[EventDate "1998.12.05"]

1. e4 c5 2. Nf3 Nc6 3. d4 cxd4 4. Nxd4 g6 5. Nc3 Bg7 6. Be3 Nf6 7. Be2 O-O 8.
O-O d5 9. exd5 Nxd5 10. Nxd5 Nxd4 11. Bxd4 Qxd5 12. Bxg7 Qxd1 13. Raxd1 Kxg7
14. Rd2 Be6 15. Rfd1 Rac8 16. b3 Rc3 17. Bf3 b6 18. Re1 Rfc8 19. Be4 R8c7 20.
Kf1 Kf6 21. Ke2 Bf5 22. Kd1 Bxe4 23. Rxe4 e6 24. Red4 Ke7 25. R4d3 Rxd3 26.
Rxd3 Rd7 27. Ke2 Rxd3 28. Kxd3 Kd6 29. c4 e5 30. a3 f5 31. f3 h5 32. h4 Kc6 33.
b4 Kd6 34. Ke3 1/2-1/2

[Event "III Memorial Roberto Magari A"]
[Site "Siena ITA"]
[Date "1998.12.??"]
[Round "2"]
[White "Bertagnolli, Alexander"]
[Black "Brunetti, Alessandro"]
[Result "1/2-1/2"]
[WhiteElo "1798"]
[BlackElo "1827"]
[PlyCount "106"]
[EventDate "1998.12.05"]

1. g3 e5 2. Bg2 d5 3. c3 Nf6 4. d4 exd4 5. cxd4 Be7 6. Nc3 c6 7. Nf3 O-O 8. O-O
Bf5 9. Bg5 h6 10. Bxf6 Bxf6 11. b4 a6 12. a4 Qb6 13. b5 axb5 14. axb5 Rxa1 15.
Qxa1 Bxd4 16. Nxd4 Qxd4 17. Nxd5 Qxa1 18. Ne7+ Kh8 19. Rxa1 Bd7 20. bxc6 Nxc6
21. Nxc6 Bxc6 22. Bxc6 bxc6 23. Ra7 Rc8 24. Rxf7 c5 25. Kf1 Kg8 26. Ra7 c4 27.
Ke1 c3 28. Kd1 Rd8+ 29. Kc1 Rd2 30. Re7 Kf8 31. Re3 Kf7 32. h4 h5 33. f3 Kf8
34. Re5 g6 35. f4 Kf7 36. e4 Re2 37. f5 gxf5 38. Rxf5+ Kg6 39. Rg5+ Kf6 40.
Rf5+ Kg6 41. Re5 Kf6 42. Rxh5 Rxe4 43. Rg5 Re2 44. g4 Rh2 45. Rf5+ Kg6 46. h5+
Kg7 47. Rc5 Rg2 48. g5 Kg8 49. Rc8+ Kg7 50. h6+ Kh7 51. Rc7+ Kh8 52. Rg7 c2 53.
Rg6 Kh7 1/2-1/2

[Event "III Memorial Roberto Magari A"]
[Site "Siena ITA"]
[Date "1998.12.??"]
[Round "2"]
[White "Bettalli, Marco"]
[Black "Wild, Alexander"]
[Result "1-0"]
[WhiteElo "2040"]
[BlackElo "1732"]
[PlyCount "53"]
[EventDate "1998.12.05"]

1. Nf3 g6 2. g3 Bg7 3. Bg2 Nc6 4. O-O d5 5. d3 e5 6. e4 d4 7. Nbd2 Bg4 8. h3
Be6 9. Nb3 Qe7 10. Ng5 Bd7 11. f4 h6 12. Nf3 exf4 13. gxf4 O-O-O 14. Bd2 g5 15.
fxg5 hxg5 16. Bxg5 f6 17. Bh4 Nh6 18. Nbxd4 Nxd4 19. Nxd4 Ng4 20. Qe1 Ne3 21.
Qxe3 Rxh4 22. Nf5 Bxf5 23. Rxf5 Bh6 24. Qxa7 c6 25. Raf1 Bg5 26. e5 fxe5 27.
Rf7 1-0

[Event "III Memorial Roberto Magari A"]
[Site "Siena ITA"]
[Date "1998.12.??"]
[Round "2"]
[White "Codacci, Jose'"]
[Black "Frigieri, Fabrizio"]
[Result "1-0"]
[WhiteElo "1837"]
[BlackElo "1708"]
[PlyCount "57"]
[EventDate "1998.12.05"]

1. e4 d5 2. exd5 Nf6 3. c4 e6 4. dxe6 Bxe6 5. Nf3 Nc6 6. d4 Bb4+ 7. Nc3 Qe7 8.
Be3 O-O-O 9. a3 Bc5 10. Be2 Bxd4 11. Nxd4 Nxd4 12. Bxd4 c5 13. O-O cxd4 14. Na2
d3 15. Bxd3 Ng4 16. h3 Ne5 17. Nc1 Rxd3 18. Nxd3 Rd8 19. Nxe5 Rxd1 20. Raxd1 f6
21. Nf3 Kb8 22. Rd4 a6 23. Re1 Qf7 24. b3 Bd7 25. Rd6 Kc7 26. c5 Bc6 27. Nd4
Qg6 28. Re7+ Kb8 29. Rd8+ 1-0

[Event "III Memorial Roberto Magari A"]
[Site "Siena ITA"]
[Date "1998.12.??"]
[Round "2"]
[White "Foglia, Maurizio"]
[Black "Gorelli Fagiolini, Marco"]
[Result "0-1"]
[WhiteElo "2080"]
[BlackElo "2235"]
[PlyCount "62"]
[EventDate "1998.12.05"]

1. b3 Nf6 2. Bb2 g6 3. c4 Bg7 4. Nf3 O-O 5. e3 c5 6. d3 Nc6 7. Nbd2 b6 8. a3 d5
9. cxd5 Qxd5 10. Qc2 Bb7 11. Be2 Rac8 12. O-O Rfd8 13. Rfd1 e5 14. Bf1 Qe6 15.
Rac1 Nd5 16. Qb1 Rd7 17. g3 Rcd8 18. Ng5 Qe7 19. h4 f6 20. Nge4 Bh6 21. Nc4 f5
22. Nc3 Nf6 23. Re1 Ng4 24. f3 Nf6 25. Rcd1 Nh5 26. g4 fxg4 27. fxg4 Qxh4 28.
gxh5 Qg3+ 29. Bg2 Nd4 30. Ne4 Bxe4 31. dxe4 Ne2+ 0-1

[Event "III Memorial Roberto Magari A"]
[Site "Siena ITA"]
[Date "1998.12.??"]
[Round "2"]
[White "Giorgetti, Alberto"]
[Black "Bertino, Paolo"]
[Result "1/2-1/2"]
[WhiteElo "1867"]
[BlackElo "1756"]
[PlyCount "35"]
[EventDate "1998.12.05"]

1. e4 d5 2. exd5 Qxd5 3. Nc3 Qa5 4. d4 Nf6 5. Nf3 Bf5 6. Ne5 c6 7. Bd2 e6 8. a3
Qc7 9. Bd3 Bxd3 10. Nxd3 Nbd7 11. Qe2 Bd6 12. h3 O-O 13. Ne4 Nxe4 14. Qxe4 e5
15. dxe5 Nxe5 16. O-O-O Nxd3+ 17. Qxd3 Rad8 18. Qb3 1/2-1/2